...आणि सावरकर / (Record no. 52589)

MARC details
000 -LEADER
fixed length control field 01155nam a22002297a 4500
005 - DATE AND TIME OF LATEST TRANSACTION
control field 2011052506566.0
008 - FIXED-LENGTH DATA ELEMENTS--GENERAL INFORMATION
fixed length control field 110525t xxu||||| |||| 00| 0 mar d
010 ## - LCCN (DPL NO)
LC control number MAR-20884
020 ## - INTERNATIONAL STANDARD BOOK NUMBER
Terms of availability 150.00
035 ## - SYSTEM CONTROL NUMBER
System control number MR-13542
037 ## - SOURCE OF ACQUISITION
Source of stock number/acquisition DBAD / PUB
040 ## - CATALOGING SOURCE
Original cataloging agency DPL
Language of cataloging MR
082 ## - DEWEY DECIMAL CLASSIFICATION NUMBER
Classification number 921
100 ## - MAIN ENTRY--PERSONAL NAME
Personal name शेवडे,सच्चिदानन्द सुरेश
9 (RLIN) 28233
245 ## - TITLE STATEMENT
Title ...आणि सावरकर /
Statement of responsibility, etc सच्चिदानन्द सुरेश शेवडे
246 ## - VARYING FORM OF TITLE
Title proper/short title ...Ani Savarkar
Remainder of title by Sacchidanand Suresh Shevde
260 ## - PUBLICATION, DISTRIBUTION, ETC. (IMPRINT)
Place of publication, distribution, etc बोरिवली
Name of publisher, distributor, etc नवचैतन्य प्रकाशन
Date of publication, distribution, etc 2011
270 ## - ADDRESS
Address न्यू गजांत को-ऑप.हौ.सो.लि.,सी/11,तळमजला,कोसाम्गो नगर,फ्लाय ओव्हर जवळ,एस.व्ही रोड
City बोरिवली
300 ## - PHYSICAL DESCRIPTION
Extent 159पृ.
Dimensions 21 सेमी (अजिल्द)
942 ## - ADDED ENTRY ELEMENTS (KOHA)
Source of classification or shelving scheme Dewey Decimal Classification
Item type Marathi Books
Classification part 921
Call number suffix शेवडे
Holdings
Withdrawn status Lost status Source of classification or shelving scheme Damaged status Not for loan Collection code Home library Current library Date acquired Source of acquisition Cost, normal purchase price Total Checkouts Full call number Barcode Date last seen Copy number Cost, replacement price Koha item type
    Dewey Decimal Classification   Not For Loan Non-fiction D.B.Act.Division D.B.Act.Division 25/05/2011 DBAD / PUB 150.00   921 शेवडे MR-13542 25/05/2011 1 150.00 Marathi Books

© Delhi Public Library
Hit Counter
free hit counter